International Conflict Resolution Role of the UN and the OIC (Record no. 120)
[ view plain ]
| 000 -LEADER | |
|---|---|
| fixed length control field | 00395nam a22001577a 4500 |
| 003 - CONTROL NUMBER IDENTIFIER | |
| control field | SCME |
| 005 - DATE AND TIME OF LATEST TRANSACTION | |
| control field | 20170105095820.0 |
| 008 - FIXED-LENGTH DATA ELEMENTS--GENERAL INFORMATION | |
| fixed length control field | 150610t xxu||||| |||| 00| 0 eng d |
| 020 ## - INTERNATIONAL STANDARD BOOK NUMBER | |
| International Standard Book Number | 978-969-8535-22-3 |
| 040 ## - CATALOGING SOURCE | |
| Transcribing agency | SCME |
| 100 ## - MAIN ENTRY--PERSONAL NAME | |
| Personal name | Dr. Shahid Hashmat |
| 9 (RLIN) | 1260 |
| 245 ## - TITLE STATEMENT | |
| Title | International Conflict Resolution Role of the UN and the OIC |
| 300 ## - PHYSICAL DESCRIPTION | |
| Extent | 278 |
| 546 ## - LANGUAGE NOTE | |
| Language note | English |
| 942 ## - ADDED ENTRY ELEMENTS (KOHA) | |
| Source of classification or shelving scheme | |
| Koha item type | Book |
| Withdrawn status | Lost status | Source of classification or shelving scheme | Damaged status | Not for loan | Permanent Location | Current Location | Date acquired | Total Checkouts | Full call number | Barcode | Date last seen | Price effective from | Koha item type |
|---|---|---|---|---|---|---|---|---|---|---|---|---|---|
| Institute of Environmental Science and Engineering (IESE) | Institute of Environmental Science and Engineering (IESE) | 12/08/2016 | 302 | IESE-3799 | 12/08/2016 | 12/08/2016 | Book | ||||||
| Institute of Environmental Science and Engineering (IESE) | Institute of Environmental Science and Engineering (IESE) | 12/08/2016 | 302 | IESE-3800 | 12/08/2016 | 12/08/2016 | Book |
